000
00315nam a22001337a 4500
008
250425b ||||| |||| 00| 0 eng d
041
_a
eng
080
_2
9780060975197
_a
616LEW
082
_2
616LEW
_a
616LEW
100
_a
12
101
_a
GENETIK
245
_a
BIOLOGY AS IDEOLOGY
_c
R.C.LEWONTIN
942
_2
udc
_c
BK
999
_c
60710
_d
60710